[Event "FIDE Open"]
[Site "Voronezh RUS"]
[Date "2003.06.19"]
[Round "7"]
[White "Lakhno,K"]
[Black "Pavlov,Al"]
[Result "1-0"]
[WhiteElo "2294"]
[BlackElo "2294"]

1.d4 Nf6 2.Nf3 e6 3.c4 b6 4.Nc3 Bb4 5.Bg5 h6 6.Bh4 Bb7 7.e3 Bxc3+ 8.bxc3 d6
9.Nd2 Nbd7 10.f3 Qe7 11.Qa4 e5 12.e4 O-O 13.Be2 Rfe8 14.Nf1 Nf8 15.Ne3 Ng6
16.Bf2 Nf4 17.Qc2 exd4 18.Nf5 Qd7 19.Bxd4 Nxe4 20.Nxg7 Ng5 21.Nxe8 Rxe8 22.O-O-O Nxe2+
23.Kb2 Ba6 24.h4 Nh7 25.g4 c5 26.Bf2 Bxc4 27.g5 Re6 28.gxh6 Kh8 29.h5 Rxh6
30.Rh4 Qb5+ 31.Ka1 d5 32.Qf5 Re6 33.Qxf7 Qe8 34.Qc7 Re7 35.Qd6 Qf7 36.Rg4 Re6
37.Qd8+ Re8 38.Qd6 Qxf3 39.Qg6 Qf7 40.Rf1 Qg8 41.Bh4 Qxg6 42.hxg6  1-0

[Event "ch-Barents Region A"]
[Site "Alta NOR"]
[Date "2003.06.20"]
[Round "2"]
[White "Lubnin,L"]
[Black "Agdestein,S"]
[Result "0-1"]
[WhiteElo "2184"]
[BlackElo "2571"]

1.d4 Nf6 2.c4 e6 3.Nf3 b6 4.Nc3 Bb4 5.e3 O-O 6.Qc2 c5 7.Be2 cxd4 8.exd4 Bb7
9.O-O d5 10.Rd1 Nbd7 11.Bg5 dxc4 12.Ne5 Bxc3 13.bxc3 Qc7 14.Bxf6 Nxf6 15.Bxc4 Rac8
16.Rac1 Rfd8 17.Re1 Nd7 18.Bd3 Nf8 19.Re3 f6 20.Nf3 Qd6 21.Nd2 Rc7 22.Ne4 Qa3
23.c4 Qe7 24.Qd2 Qd7 25.d5 exd5 26.Ng3 d4 27.Re2 g6 28.Ne4 Qc6 29.f3 f5 30.Ng5 h6
31.Nh3 Ne6 32.c5 Nxc5 33.Bc4+ Kh7 34.Nf4 d3 35.Bxd3 Qd6 36.Qb4 Qd4+ 37.Qxd4 Rxd4
38.Rxc5 Rxc5 39.Ne6 Rc1+  0-1

[Event "zt 3.2a"]
[Site "Ho Chi Minh City VIE"]
[Date "2003.06.29"]
[Round "9"]
[White "Tirto"]
[Black "Pham Minh Hoang"]
[Result "1-0"]
[WhiteElo "2391"]
[BlackElo "2445"]

1.d4 Nf6 2.Nf3 e6 3.c4 b6 4.Nc3 Bb4 5.Bf4 Bb7 6.h3 O-O 7.e3 d5 8.Rc1 Ne4
9.Be2 c5 10.O-O cxd4 11.Nxe4 dxe4 12.Nxd4 Qf6 13.a3 Be7 14.Bxb8 Raxb8 15.b4 Qe5
16.Qa4 a6 17.Rfd1 Rbc8 18.Qb3 Rc7 19.Rc2 h5 20.Qc3 Bd6 21.f4 exf3 22.Nxf3 Qg3
23.Qd4 Rc6 24.Qh4 Qg6 25.Bd3 f5 26.Qg5 Qe8 27.Nd4 Rf6 28.Be2 Rc8 29.Bxh5 Qe7
30.Bf3 Bxf3 31.Nxf3 e5 32.Rcd2 Qf8 33.Nh4 Bc7 34.Rd7 Bd8 35.Ng6 Qe8 36.Nxe5 Qxe5
37.Qxg7+  1-0

[Event "2nd Open"]
[Site "La Fere FRA"]
[Date "2003.07.02"]
[Round "6"]
[White "Duhayon,Y"]
[Black "Filipek,J"]
[Result "1/2-1/2"]
[WhiteElo "2227"]
[BlackElo "2379"]

1.d4 Nf6 2.Nf3 b6 3.c4 e6 4.Nc3 Bb7 5.a3 Ne4 6.Nxe4 Bxe4 7.e3 Be7 8.Bd3 f5
9.Bxe4 fxe4 10.Nd2 d5 11.Qg4 Kf7 12.f3 h5 13.Qh3 Bh4+ 14.g3 Bg5 15.fxe4 Rh6
16.exd5 Bxe3 17.Nf3 Bxc1 18.Rxc1 exd5 19.cxd5 Qxd5 20.Rxc7+ Kg8 21.Rc8+ Kh7
22.O-O Rf6 23.Qg2 Nc6 24.Rxa8 Nxd4 25.Nxd4 Qxd4+ 26.Rf2 Rxf2 27.Qxf2 Qd1+
28.Kg2 Qd5+ 29.Qf3 Qd2+ 30.Kh3 Qd7+ 31.g4 hxg4+ 32.Qxg4 Qd3+ 33.Kh4 g5+ 34.Kxg5 Qd2+
35.Qf4 Qg2+ 36.Qg4 Qxa8 37.Qd7+ Kh8 38.Qd4+ Kh7 39.Qh4+ Kg8 40.Qg4 Qc6 41.h4 Kf7
42.Qf5+ Kg7 43.b4 Qc1+ 44.Qf4 Qxa3 45.h5 Qa1 46.h6+ Kh7 47.Qf5+ Kh8 48.b5 Qc1+
49.Kg6 Qg1+ 50.Qg5 Qb1+ 51.Kf7 Qb3+ 52.Ke8 Qe6+ 53.Kd8 Qd6+ 54.Ke8 Qe6+ 55.Kd8  1/2-1/2

[Event "White Nights"]
[Site "St Petersburg RUS"]
[Date "2003.07.02"]
[Round "4"]
[White "Obodchuk,A"]
[Black "Ibraev,N"]
[Result "0-1"]
[WhiteElo "2417"]
[BlackElo "2401"]

1.d4 Nf6 2.c4 e6 3.Nf3 b6 4.Nc3 Bb7 5.Bg5 Be7 6.Qc2 h6 7.Bh4 d5 8.cxd5 exd5
9.e3 O-O 10.Be2 Nbd7 11.O-O Re8 12.Bg3 a6 13.Rfd1 c5 14.dxc5 bxc5 15.Nh4 Bf8
16.Qb3 Bc6 17.Bf3 Nb6 18.a4 a5 19.Qc2 Qd7 20.Be2 Ne4 21.Nxe4 Rxe4 22.b3 c4
23.Qxe4 dxe4 24.Rxd7 Bxd7 25.Bc7 Nd5 26.Rd1 Be6 27.Be5 cxb3 28.Nf5 Bxf5 29.Rxd5 Be6
30.Rb5 Bb4 31.f3 Rc8 32.Bd1 Rc1 33.Rb8+ Kh7 34.Rd8 Ba3 35.Kf2 b2 36.Bxb2 Bxb2
37.fxe4 Be5 38.h3 Ra1 39.Kf3 Bc3 40.e5 Bxe5 41.Bc2+ g6  0-1

[Event "Mal & Menning Blitz"]
[Site "Reykjavik ISL"]
[Date "2003.07.06"]
[Round "1"]
[White "Sokolov,I"]
[Black "Hjartarson,J"]
[Result "0-1"]
[WhiteElo "2693"]
[BlackElo "2640"]

1.d4 Nf6 2.c4 e6 3.Nf3 b6 4.Nc3 Bb4 5.Bg5 Bxc3+ 6.bxc3 Bb7 7.Nd2 h6 8.Bh4 d6
9.f3 Nbd7 10.e4 Qe7 11.Bd3 O-O 12.Nf1 e5 13.Ne3 Qe6 14.O-O Kh8 15.Qc2 Nh5
16.Nd5 Rac8 17.Ne7 g5 18.Nxc8 gxh4 19.Nxa7 Nf4 20.Kh1 Rg8 21.Rf2 Nf6 22.Nb5 c6
23.d5 Qe7 24.dxc6 Bxc6 25.Qd2 N6h5 26.h3 Rg6 27.a4 Qg5 28.Nc7 Qg3 29.Bf1 Nxh3
30.Ra2 Nxf2+ 31.Qxf2 Qg5 32.Qxb6 h3 33.Qxc6 Ng3+ 34.Kg1 Qe3+ 35.Kh2 Nxf1+
36.Kh1 Ng3+  0-1

[Event "Mal & Menning Blitz"]
[Site "Reykjavik ISL"]
[Date "2003.07.06"]
[Round "3"]
[White "Sokolov,I"]
[Black "Hjartarson,J"]
[Result "0-1"]
[WhiteElo "2693"]
[BlackElo "2640"]

1.d4 Nf6 2.c4 e6 3.Nf3 b6 4.Nc3 Bb4 5.Bg5 Bb7 6.Qb3 c5 7.dxc5 bxc5 8.a3 Bxc3+
9.Qxc3 a5 10.Nd2 d6 11.f3 Nbd7 12.e3 O-O 13.Be2 h6 14.Bh4 Qb6 15.O-O d5 16.Bf2 Ba6
17.Rfe1 Rab8 18.b3 Rfd8 19.Rab1 e5 20.Qc2 d4 21.exd4 exd4 22.Bd3 Re8 23.Bg3 Ra8
24.Bf5 Bb7 25.Qd3 Bc6 26.Rxe8+ Rxe8 27.Re1 Rxe1+ 28.Bxe1 a4 29.bxa4 Bxa4
30.Qb1 Qxb1 31.Bxb1 Kf8 32.Bg3 Ke7 33.Kf2 Ke6 34.Bc7 Ne8 35.Bg3 Nd6 36.Ne4 Nxe4+
37.Bxe4 Nb6 38.Bd3 Bb3 39.Bc7 Nxc4 40.Bxc4+ Bxc4 41.a4 Kd5 42.a5 Bb5 43.Ke1 c4
44.Kd1 c3 45.h4 d3  0-1

[Event "32nd TCh-GRE"]
[Site "Kallithea Chalkidiki GRE"]
[Date "2003.07.07"]
[Round "4"]
[White "Zysk,R"]
[Black "Sokolov,And1"]
[Result "0-1"]
[WhiteElo "2436"]
[BlackElo "2554"]

1.d4 Nf6 2.Nf3 e6 3.c4 b6 4.Nc3 Bb7 5.a3 d5 6.Bg5 Be7 7.e3 O-O 8.Rc1 c5 9.cxd5 exd5
10.Bd3 Nbd7 11.O-O a6 12.Bb1 c4 13.Ne5 b5 14.Qf3 Re8 15.Qh3 Nf8 16.Bxf6 Bxf6
17.f4 Be7 18.Qh5 g6 19.Qh3 f6 20.Ng4 b4 21.axb4 Bxb4 22.f5 g5 23.Qh6 Nd7
24.h4 gxh4 25.Bc2 Bc6 26.Bd1 Kh8 27.Bf3 Bxc3 28.bxc3 a5 29.Nf2 Qe7 30.Rfe1 Qg7
31.Qxh4 Qg5 32.Qxg5 fxg5 33.e4 dxe4 34.Bxe4 Bxe4 35.Nxe4 a4 36.Kf2 a3 37.Ra1 h6
38.Kf3 Nb6 39.Reb1 Nd5 40.Rb5 Rxe4 41.Rxd5 Rf4+ 42.Kg3 a2 43.Re5 Ra3  0-1

[Event "FSGM July"]
[Site "Budapest HUN"]
[Date "2003.07.10"]
[Round "6"]
[White "Ovsejevitsch,S"]
[Black "Postny,E"]
[Result "1/2-1/2"]
[WhiteElo "2497"]
[BlackElo "2499"]

1.d4 Nf6 2.c4 e6 3.Nf3 b6 4.Nc3 Bb7 5.Qc2 Bb4 6.a3 Bxc3+ 7.Qxc3 h6 8.g3 O-O
9.Bg2 d6 10.O-O Nbd7 11.b3 Re8 12.Bb2 Be4 13.Rad1 Qe7 14.Rfe1 Rad8 15.b4 c5
16.dxc5 bxc5 17.Bf1 Nb6 18.Ba1 d5 19.cxd5 cxb4 20.Qxb4 Qxb4 21.axb4 Nfxd5
22.Rd4 Nf6 23.Rxd8 Rxd8 24.Nd4 Bb7 25.Rc1 Rc8 26.Rxc8+ Nxc8 27.f3 Nd5 28.Nc2 Ba6
29.Bd4 f6 30.Bh3 Kf7 31.Kf2 Nc7 32.e4 Bd3 33.Na3 a6 34.Ke3 Bb5 35.Nxb5 axb5
36.Bf1 Ke7 37.f4 Nd6 38.h4 Kd7 39.g4 Nf7 40.Bc5 g5 41.h5 e5 42.fxg5 fxg5  1/2-1/2

[Event "25th Open"]
[Site "Oberwart AUT"]
[Date "2003.07.10"]
[Round "6"]
[White "Horvath,P1"]
[Black "Shariyazdanov,A"]
[Result "0-1"]
[WhiteElo "2463"]
[BlackElo "2565"]

1.d4 Nf6 2.c4 e6 3.Nf3 b6 4.Nc3 Bb4 5.Bg5 Bb7 6.e3 h6 7.Bh4 c5 8.dxc5 Bxc5
9.Be2 Be7 10.O-O O-O 11.Qc2 Na6 12.Rad1 Nc5 13.Rd4 d6 14.b4 Ncd7 15.Rfd1 a6
16.Bg3 e5 17.R4d2 Qc8 18.a3 g6 19.Bh4 Qc7 20.Bd3 Kg7 21.Be4 Nxe4 22.Nxe4 Bxe4
23.Qxe4 g5 24.Bg3 Nf6 25.Qf5 Qc8 26.Qc2 Qe6 27.c5 bxc5 28.bxc5 Rfc8 29.c6 Rab8
30.Rc1 Rb6 31.h3 Rc7 32.Qa4 Qb3 33.Qxb3 Rxb3 34.Nxe5 dxe5 35.Bxe5 Rc8 36.c7 Kf8
37.Rc6 Ne8 38.Rxa6 f6 39.Bg3 Ng7 40.Kf1 Kf7 41.Ke2 Ne6 42.a4 Nc5 43.Rc6 Ne4
44.Rd4 Nxg3+ 45.fxg3 Rb7 46.Rdc4 Ke8 47.Kf3 Kd7 48.Kg4 Bd6 49.Kh5 Rb3 50.Rc3 Rb2
51.Rc2 Rxc2 52.Rxc2 Bxc7 53.Kxh6 Ra8 54.Rc4 Bxg3 55.Kg6 Ke6 56.e4 Bd6 57.Kh5 Rb8
58.a5 Ra8 59.Ra4 Ra6 60.h4 gxh4 61.Kxh4 Ke5 62.g4 Kf4 63.Ra2 Kxe4 64.g5 f5
65.g6 Be5 66.Ra4+ Kd5 67.Kg5 Ke6 68.Ra2 Ra7 69.a6 f4 70.Ra3 Bd6 71.Ra2 Be5
72.Ra3 Bb2 73.Rb3 Bc1 74.Rb6+ Kd5 75.Rb5+ Kd4 76.Rb1 Be3 77.Ra1 f3+ 78.Kg4 Ke4
79.Ra4+ Bd4 80.Ra5 f2 81.Rf5 Rxa6  0-1

[Event "32nd TCh-GRE"]
[Site "Kallithea Chalkidiki GRE"]
[Date "2003.07.11"]
[Round "9"]
[White "Bousios,H"]
[Black "Nikolaidis,K"]
[Result "1/2-1/2"]
[WhiteElo "2282"]
[BlackElo "2315"]

1.d4 Nf6 2.Nf3 e6 3.c4 b6 4.Nc3 Bb4 5.Bd2 O-O 6.g3 Bb7 7.Bg2 Bxc3 8.Bxc3 Ne4
9.Qc2 Nxc3 10.Qxc3 f5 11.O-O Qf6 12.c5 Rc8 13.Rfc1 bxc5 14.Qxc5 Qf8 15.Qe5 Nc6
16.Qf4 Rab8 17.b3 Qd6 18.Qxd6 cxd6 19.d5 Nb4 20.dxe6 dxe6 21.a3 Nc2 22.Ra2 Bxf3
23.Raxc2 Rxc2 24.Rxc2 Bxg2 25.Kxg2 Rxb3 26.Rc8+ Kf7 27.Rc7+ Kf6 28.Rxa7 d5
29.f4  1/2-1/2

[Event "25th Open"]
[Site "Oberwart AUT"]
[Date "2003.07.13"]
[Round "9"]
[White "Horvath,P1"]
[Black "Fucak,E"]
[Result "1-0"]
[WhiteElo "2463"]
[BlackElo "2282"]

1.d4 Nf6 2.c4 e6 3.Nf3 b6 4.Nc3 Bb4 5.Bg5 Bxc3+ 6.bxc3 d6 7.Nd2 h6 8.Bh4 g5
9.Bg3 Nh5 10.e4 Nf4 11.f3 Qf6 12.Bf2 c5 13.g3 Ng6 14.a4 cxd4 15.cxd4 Nc6
16.Nb3 Ba6 17.Be2 h5 18.Be3 h4 19.Kf2 hxg3+ 20.hxg3 Kd7 21.Qd2 Rag8 22.e5 Ngxe5
23.dxe5 Nxe5 24.Bc5 Bb7 25.Qxd6+ Kc8 26.Bd4 Rxh1 27.Bxe5 Rh2+ 28.Kg1  1-0

[Event "Open"]
[Site "Mariupol UKR"]
[Date "2003.07.17"]
[Round "7"]
[White "Nosenko,A"]
[Black "Olenin,N"]
[Result "1/2-1/2"]
[WhiteElo "2478"]
[BlackElo "2420"]

1.d4 Nf6 2.c4 e6 3.Nf3 b6 4.Nc3 Bb4 5.Bg5 h6 6.Bh4 Bb7 7.Nd2 O-O 8.e3 Be7
9.e4 d5 10.e5 Ne4 11.Bxe7  1/2-1/2

[Event "Open"]
[Site "Mariupol UKR"]
[Date "2003.07.19"]
[Round "9"]
[White "Korobkov,P"]
[Black "Tkachenko,D"]
[Result "1-0"]
[WhiteElo "2385"]
[BlackElo "2220"]

1.c4 Nf6 2.Nf3 e6 3.d4 b6 4.Nc3 Bb7 5.Bg5 Be7 6.Qc2 d6 7.e4 c5 8.d5 Nxd5
9.cxd5 Bxg5 10.Bb5+ Kf8 11.dxe6 fxe6 12.Bc4 Kf7 13.Nxg5+ Qxg5 14.f4 Qh4+
15.g3 Qg4 16.f5 Re8 17.fxe6+ Kg8 18.O-O Nc6 19.Rf4 Qg5 20.Nb5 Nb4 21.Qd2 Qh6
22.Nc7 d5  1-0

[Event "3rd Savaria Summer Open"]
[Site "Szombathely HUN"]
[Date "2003.07.20"]
[Round "2"]
[White "Szeberenyi,A"]
[Black "Varga,T"]
[Result "1-0"]
[WhiteElo "2385"]
[BlackElo "2162"]

1.d4 Nf6 2.Nf3 e6 3.c4 b6 4.Nc3 Bb7 5.a3 d5 6.Bg5 dxc4 7.Qa4+ Qd7 8.Qxc4 Be7
9.Ne5 Ba6 10.Qxa6 Nxa6 11.Nxd7 Kxd7 12.e3 Nb8 13.Bxf6 Bxf6 14.Be2 c6 15.Rc1 g6
16.O-O h5 17.Bf3 a5 18.Rc2 Ra7 19.Rfc1 b5 20.Ne4 Be7 21.Nc5+ Bxc5 22.Rxc5 Rc8
23.a4 Rac7 24.Be2 Na6 25.Rg5 Rb8 26.axb5 cxb5 27.Ra1 f5 28.Rxa5 Nb4 29.g3 Rc1+
30.Kg2 Rg8 31.Bxb5+ Ke7 32.e4 Kf6 33.h4 Nc2 34.exf5 Ne1+ 35.Kh3 Nf3 36.Rxg6+ Rxg6
37.fxg6 Nxd4 38.Bd3 Rd1 39.Ra7 Rc1 40.g7 Rc8 41.Bh7 Nc6 42.Rc7 Rxc7 43.g8=Q Rg7
44.Qf8+ Rf7 45.Qh6+ Ke7 46.Bg8 Rxf2 47.Qxe6+ Kf8 48.Qxc6 Kxg8 49.Qd5+ Kh7
50.Qxh5+  1-0

[Event "MTO"]
[Site "Biel SUI"]
[Date "2003.07.22"]
[Round "2"]
[White "Avrukh,B"]
[Black "Illijin,N"]
[Result "1-0"]
[WhiteElo "2557"]
[BlackElo "2293"]

1.d4 Nf6 2.c4 e6 3.Nf3 b6 4.Nc3 Bb4 5.Bg5 Bb7 6.Nd2 h6 7.Bh4 Bxc3 8.bxc3 d6
9.f3 Nbd7 10.e4 e5 11.a4 a5 12.Nb3 Qe7 13.Ra2 O-O 14.Bd3 g5 15.Bf2 Kg7 16.O-O Rh8
17.Na1 Nf8 18.Nc2 Ng6 19.Ne3 Bc8 20.g3 Kh7 21.Re1 Rg8 22.Rd2 Bd7 23.Bc2 Rad8
24.Nf5 Qe8 25.Kh1 Be6 26.Ne3 Kh8 27.Bg1 Nh7 28.Qe2 f6 29.Nf5 Qf8 30.Red1 Re8
31.Qf1 h5 32.c5 g4 33.fxg4 hxg4 34.cxd6 cxd6 35.h4 gxh3 36.Qxh3 Ne7 37.dxe5 fxe5
38.Rxd6 Rg6 39.Be3 Nc8 40.R6d2 Ne7 41.Rh2 Qg8 42.Bf2 Rg5 43.Rd6 Nc8 44.Rxe6 Rxe6
45.Bb3 Rgg6 46.Qh5 Rgf6 47.Qh4 Qg6 48.Bxe6 Rxe6 49.Qd8+ Re8 50.Qd7 Rf8 51.Qc7 Re8
52.Rh6 Qg8 53.Kg2  1-0

[Event "It"]
[Site "Biel SUI"]
[Date "2003.07.23"]
[Round "3"]
[White "Korchnoi,V"]
[Black "Lutz,C"]
[Result "1/2-1/2"]
[WhiteElo "2628"]
[BlackElo "2631"]

1.d4 Nf6 2.c4 e6 3.Nf3 b6 4.Nc3 Bb7 5.Qc2 c5 6.dxc5 bxc5 7.Bg5 Be7 8.Rd1 O-O
9.e3 h6 10.Bh4 Nh5 11.Bxe7 Qxe7 12.Be2 Nf6 13.O-O Rd8 14.Rd2 d5 15.Qb3 Nc6
16.cxd5 exd5 17.Nxd5 Nxd5 18.Rxd5 Rxd5 19.Qxd5 Nd4 20.Qc4 Nxf3+ 21.Bxf3 Bxf3
22.gxf3 Qf6 23.Qe4 Rd8 24.b3 Qa6 25.Qc2 Rd5 26.Rc1 Qd6 27.Qe4 Re5 28.Qc2 Rg5+
29.Kh1 Rh5 30.f4 Rd5 31.Kg2 Rd2 32.Qxc5 Qg6+ 33.Kf3 f5 34.h3 Kh7 35.Qc6 Qh5+
36.Kg2 Rxa2 37.Qe6 Qg6+ 38.Qxg6+ Kxg6 39.Rc6+ Kh7 40.h4 h5 41.b4 Rb2 42.Rc5 g6
43.b5 Kh6 44.Kf1 Ra2 45.Rc7 a5 46.Ra7 a4 47.f3 Rb2 48.Rxa4 Rxb5 49.e4 Rb1+
50.Kf2 Rb2+ 51.Kg3 fxe4 52.fxe4 Rb3+ 53.Kg2 Rb2+ 54.Kf3 Rb3+ 55.Ke2 Rh3 56.e5 Rxh4
57.Kf3 Rh1 58.Ra7 Re1 59.Re7 Rf1+  1/2-1/2

[Event "KB Czech Open"]
[Site "Pardubice CZE"]
[Date "2003.07.24"]
[Round "7"]
[White "Vokac,M"]
[Black "Socko,B"]
[Result "1/2-1/2"]
[WhiteElo "2490"]
[BlackElo "2551"]

1.d4 Nf6 2.c4 e6 3.Nf3 b6 4.Nc3 Bb7 5.Bg5 Be7 6.e3 Ne4 7.Nxe4 Bxe4 8.Bxe7 Qxe7
9.Be2 O-O 10.O-O d6 11.Nd2 Bb7 12.Bf3 c5 13.Qa4 Rc8 14.dxc5 dxc5 15.Bxb7 Qxb7
16.Rfd1 Nc6 17.Ne4 Rd8 18.Nd6 Qc7 19.Nb5 Qe7 20.Rxd8+  1/2-1/2

[Event "KB Czech Open"]
[Site "Pardubice CZE"]
[Date "2003.07.24"]
[Round "7"]
[White "Malakhatko,V"]
[Black "Shaposhnikov,E"]
[Result "1-0"]
[WhiteElo "2498"]
[BlackElo "2566"]

1.d4 Nf6 2.Nf3 e6 3.c4 b6 4.Nc3 Bb7 5.Bg5 h6 6.Bh4 Be7 7.Qc2 c5 8.dxc5 bxc5
9.Rd1 Bxf3 10.gxf3 Nc6 11.e3 O-O 12.f4 Nh5 13.Bg3 Qb6 14.Bg2 Rfd8 15.Bf3 Nxg3
16.hxg3 Rab8 17.b3 Nb4 18.Qe2 Bf6 19.Na4 Qa5 20.Kf1 d5 21.Rh5 g6 22.Rxh6 dxc4
23.Qxc4 Nxa2 24.Rxd8+ Qxd8 25.Kg2 Rc8 26.Rh1 Qa5 27.g4 Nc3 28.f5 exf5 29.gxf5 Qb5
30.Qf4 Qd3 31.Nxc3 g5 32.Qh2 Qxc3 33.Bd5 Bg7 34.Qh5 Qf6 35.e4 Kf8 36.Ra1 Rc7
37.Ra5 Qh6 38.Qxh6 Bxh6 39.f6 Ke8 40.Kg3 Bf8 41.Kg4 c4 42.bxc4 Bc5 43.f3 Bb6
44.Ra2  1-0

[Event "3rd Savaria Summer Open"]
[Site "Szombathely HUN"]
[Date "2003.07.25"]
[Round "7"]
[White "Horvath,P1"]
[Black "Rigo,Z"]
[Result "1/2-1/2"]
[WhiteElo "2463"]
[BlackElo "2384"]

1.d4 Nf6 2.c4 e6 3.Nf3 b6 4.Nc3 Bb7 5.Bg5 Be7 6.e3 Ne4 7.Bxe7 Qxe7 8.Qc2 Nxc3
9.bxc3 c5 10.Bd3 h6 11.O-O O-O 12.e4 cxd4 13.cxd4 Nc6 14.Qe2 Rac8 15.Rac1 e5
16.d5 Na5 17.Nd2 Ba6 18.f4 exf4 19.e5 Qc5+ 20.Kh1 Qe3 21.Rfe1 Qxe2 22.Bxe2 f5
23.Bd3 g6 24.h4 h5 25.Kg1 Rfe8 26.Kf2 Rc7 27.Kf3 Rec8 28.e6 dxe6 29.Rxe6 Kg7
30.Rce1 Nxc4 31.Bxc4 Bxc4 32.Nxc4 Rxc4 33.Re7+ Kf8 34.Rxa7 Rd4 35.Ra3 Rxd5
36.Re6 Rdc5 37.Rxg6 Rc3+ 38.Rxc3 Rxc3+ 39.Kxf4 Rc4+ 40.Kxf5 Rxh4 41.Rxb6 Ra4
42.Rb2 Kg7 43.Ke5 h4 44.Kd5 Ra8 45.Kc4 Kf6 46.Kb3 Rb8+ 47.Kc2 Ra8 48.Kb1 Kf5
49.Rb4 Rg8 50.Rxh4 Rxg2 51.Rh6 Ke5 52.a4 Kd5 53.a5 Kc5 54.a6 Rg7  1/2-1/2

[Event "3rd Savaria Summer Open"]
[Site "Szombathely HUN"]
[Date "2003.07.25"]
[Round "7"]
[White "Szeberenyi,A"]
[Black "Chernyshov,K"]
[Result "0-1"]
[WhiteElo "2385"]
[BlackElo "2541"]

1.d4 e6 2.Nf3 Nf6 3.c4 b6 4.Nc3 Bb7 5.a3 Ne4 6.Nxe4 Bxe4 7.Bf4 Bxf3 8.exf3 Nc6
9.d5 Na5 10.Bd2 Nb7 11.Bd3 Bd6 12.O-O O-O 13.Re1 a5 14.Qc2 h6 15.b4 Ra7 16.Bc3 Be7
17.dxe6 fxe6 18.Bh7+ Kh8 19.Bxg7+ Kxg7 20.Qg6+ Kh8 21.Qxh6 Bg5 22.Qh5 Qe7
23.Bc2+ Kg8 24.Re4 Rf7 25.Rg4 Rg7 26.h4 Qf7 27.Qxf7+ Kxf7 28.Rd1 Be7 29.Rxg7+ Kxg7
30.Rxd7 Kf8 31.Rxc7 axb4 32.Rc8+ Kf7 33.axb4 Bxb4 34.Rc7+ Kf8 35.g4 Ra1+
36.Kg2 Nd6 37.g5 Ra2 38.Bg6 Bc5 39.h5 Rxf2+ 40.Kg3 Rf1 41.Rd7 Nxc4 42.Rf7+ Kg8
43.h6 Ne5 44.Rg7+ Kf8 45.Be4 Nf7 46.Kg4 Bd4  0-1

[Event "3rd Savaria Summer Open"]
[Site "Szombathely HUN"]
[Date "2003.07.27"]
[Round "9"]
[White "Ovsejevitsch,S"]
[Black "Perunovic,Mil"]
[Result "1/2-1/2"]
[WhiteElo "2497"]
[BlackElo "2527"]

1.d4 Nf6 2.c4 e6 3.Nf3 b6 4.Nc3 Bb4 5.Qc2 Bb7 6.a3 Bxc3+ 7.Qxc3 Ne4 8.Qc2 O-O
9.g3 f5 10.Bg2 Nf6 11.O-O Be4 12.Qd2 Qe8 13.b4 d6 14.Bb2 Nbd7 15.a4 a6 16.Rfc1 h6
17.b5  1/2-1/2

[Event "3rd Savaria Summer Open"]
[Site "Szombathely HUN"]
[Date "2003.07.27"]
[Round "9"]
[White "Szeberenyi,A"]
[Black "Meshcheriakova,E"]
[Result "1-0"]
[WhiteElo "2385"]
[BlackElo "2257"]

1.d4 Nf6 2.c4 e6 3.Nf3 b6 4.Nc3 Bb4 5.Qb3 Bxc3+ 6.Qxc3 Ne4 7.Qc2 Bb7 8.g3 f5
9.Bg2 Nf6 10.O-O Be4 11.Qc3 O-O 12.b3 Nc6 13.Bb2 Qe8 14.Rad1 Ne7 15.Ne1 Bxg2
16.Nxg2 c6 17.Ba3 Qf7 18.f3 Rfc8 19.e4 a5 20.Qc2 g6 21.Rde1 Re8 22.g4 Kg7
23.d5 cxd5 24.Qc3 Kf8 25.exd5 Rec8 26.Nf4 Kg8 27.dxe6 dxe6 28.Bxe7 Qxe7 29.Rxe6 Nd5
30.Qd4  1-0

[Event "MTO"]
[Site "Biel SUI"]
[Date "2003.07.29"]
[Round "8"]
[White "Korotylev,A"]
[Black "Grooten,H"]
[Result "1-0"]
[WhiteElo "2546"]
[BlackElo "2402"]

1.d4 Nf6 2.c4 e6 3.Nf3 b6 4.Nc3 Bb4 5.Qb3 c5 6.Bg5 h6 7.Bh4 Nc6 8.d5 Na5
9.Qc2 O-O 10.O-O-O Bxc3 11.Qxc3 d6 12.Bxf6 Qxf6 13.Qxf6 gxf6 14.e3 Rd8 15.Nd2 exd5
16.cxd5 Rb8 17.Ne4 Kg7 18.Ng3 f5 19.Nh5+ Kg6 20.Be2 b5 21.h3 Nc4 22.g4 fxg4
23.hxg4 Ne5 24.f4 Nxg4 25.Rdg1 f5 26.e4 Kf7 27.exf5 Nf6 28.Rg7+ Kf8 29.Rhg1 Ne8
30.Rg8+ Kf7 31.Bd3 c4 32.Be4 Rb7 33.f6 c3 34.Rh8 cxb2+ 35.Kxb2  1-0

[Event "3rd Open"]
[Site "Plancoet FRA"]
[Date "2003.07.29"]
[Round "4"]
[White "Bleuzen,C"]
[Black "Le Roux,JP"]
[Result "0-1"]
[WhiteElo "1995"]
[BlackElo "2442"]

1.d4 Nf6 2.Nf3 e6 3.c4 b6 4.Nc3 Bb7 5.Qc2 Bb4 6.e3 O-O 7.Bd3 c5 8.O-O Bxf3
9.gxf3 cxd4 10.Ne4 Nc6 11.Kh1 Rc8 12.a3 Nxe4 13.Bxe4 Bd6 14.f4 f5 15.Bd3 Qf6
16.b4 e5 17.fxe5 Nxe5 18.exd4 Nf3 19.Kg2 Qg6+ 20.Kxf3 Qg4+  0-1

[Event "Stork YM"]
[Site "Hengelo NED"]
[Date "2003.08.04"]
[Round "1"]
[White "Szeberenyi,A"]
[Black "Seifert,V"]
[Result "1-0"]
[WhiteElo "2385"]
[BlackElo "2371"]

1.d4 e6 2.c4 Nf6 3.Nf3 b6 4.Nc3 Bb7 5.a3 d5 6.Bg5 Be7 7.Bxf6 Bxf6 8.cxd5 exd5
9.Qb3 O-O 10.Rd1 c6 11.e3 Re8 12.Bd3 Nd7 13.O-O Nf8 14.Rfe1 Ne6 15.Bb1 g6
16.Ba2 Bg7 17.e4 dxe4 18.Nxe4 h6 19.Ne5 Qc7 20.Nxf7 Kh7 21.Nfd6 Nxd4 22.Nxe8 Rxe8
23.Ng5+ hxg5 24.Qh3+  1-0

[Event "Stork YM"]
[Site "Hengelo NED"]
[Date "2003.08.06"]
[Round "4"]
[White "Szeberenyi,A"]
[Black "Vasilkova,S"]
[Result "1-0"]
[WhiteElo "2385"]
[BlackElo "2347"]

1.d4 Nf6 2.c4 e6 3.Nf3 b6 4.Nc3 Bb7 5.a3 d5 6.Bg5 Be7 7.Bxf6 Bxf6 8.cxd5 exd5
9.Qb3 O-O 10.Rd1 Re8 11.e3 c6 12.Bd3 Nd7 13.O-O Nf8 14.Rfe1 Ne6 15.Bb1 g6
16.Ba2 Qc7 17.e4 dxe4 18.Nxe4 Bg7 19.Neg5 Nxg5 20.Nxg5 Rf8 21.Qe3 Bf6 22.Ne4 Bg7
23.Ng5 Bf6 24.h4 Rad8 25.h5 Qd7 26.hxg6 hxg6 27.Ne6 Rfe8 28.Qf4 Bg7 29.Nxd8 Rxd8
30.Qg5 Kf8 31.Re4 Qd6 32.Rde1 Bf6 33.Qh6+ Bg7 34.Qe3 Bf6 35.Re8+ Kg7 36.Qh3  1-0

[Event "FSGM August"]
[Site "Budapest HUN"]
[Date "2003.08.07"]
[Round "6"]
[White "Aagaard,J"]
[Black "Barkhagen,J"]
[Result "1-0"]
[WhiteElo "2360"]
[BlackElo "2490"]

1.d4 Nf6 2.c4 e6 3.Nf3 b6 4.Nc3 Bb7 5.a3 d5 6.cxd5 Nxd5 7.Qc2 Nxc3 8.bxc3 Nd7
9.e4 c5 10.Bf4 cxd4 11.cxd4 Rc8 12.Qb1 Be7 13.Bd3 O-O 14.O-O Nf6 15.Rd1 Rc3
16.d5 Nh5 17.Be5 Rxa3 18.dxe6 fxe6 19.Bc4 Rxa1 20.Bxe6+ Kh8 21.Qxa1 Qe8 22.Bf5 a5
23.Nd4 Bc5 24.Ne6 Bxf2+ 25.Kh1 Rg8 26.Rd8 Qxe6 27.Bxe6 Rxd8 28.Bg4  1-0

[Event "FSIM August"]
[Site "Budapest HUN"]
[Date "2003.08.08"]
[Round "7"]
[White "Eperjesi,L"]
[Black "Nilssen,J"]
[Result "1/2-1/2"]
[WhiteElo "2255"]
[BlackElo "2382"]

1.d4 Nf6 2.Nf3 e6 3.c4 b6 4.Nc3 Bb4 5.Bd2 Bb7 6.g3 O-O 7.Bg2 d5 8.cxd5 exd5
9.O-O a6 10.Rc1 Bd6 11.Qb3 Nbd7 12.Rfd1 c5 13.dxc5 Nxc5 14.Qc2 Rc8 15.Qf5 Nce4
16.Be3 Re8 17.Bd4 g6  1/2-1/2

[Event "Open"]
[Site "Vienna AUT"]
[Date "2003.08.16"]
[Round "1"]
[White "Gruber,P"]
[Black "Klimm,W"]
[Result "0-1"]
[WhiteElo "2021"]
[BlackElo "2255"]

1.d4 Nf6 2.Nf3 e6 3.c4 b6 4.Nc3 Bb4 5.e3 Ne4 6.Bd2 Bxc3 7.Bxc3 Bb7 8.Be2 O-O
9.Rc1 d6 10.O-O Nd7 11.Nd2 f5 12.Nxe4 fxe4 13.Bg4 Qe7 14.f4 exf3 15.Bxf3 Bxf3
16.Rxf3 Nf6 17.Qc2 c6 18.Rcf1 d5 19.Be1 Ne4 20.Rxf8+ Rxf8 21.Rxf8+ Kxf8 22.cxd5 cxd5
23.Qc8+ Kf7 24.Qb8 Kg6 25.h3 h5 26.a3 Qg5 27.Qe8+ Kh7 28.Bf2 Qf5 29.Be1 Nd6
30.Qe7 Nc4 31.Bf2 Nxb2 32.Qxa7 Nd1 33.Bg3 Nxe3 34.Qa6 Qb1+ 35.Kf2 Nd1+ 36.Ke2 Nc3+
37.Kf3 Qe4+ 38.Kf2 Qxd4+ 39.Kf1 Qc4+ 40.Qxc4 dxc4  0-1

[Event "ADCF Masters"]
[Site "Abu Dhabi UAE"]
[Date "2003.08.18"]
[Round "3"]
[White "Ionov,S"]
[Black "Maherramzade,J"]
[Result "1/2-1/2"]
[WhiteElo "2556"]
[BlackElo "2473"]

1.d4 Nf6 2.c4 e6 3.Nf3 b6 4.Nc3 Bb4 5.Bg5 Bb7 6.e3 h6 7.Bh4 Bxc3+ 8.bxc3 d6
9.Nd2 Nbd7 10.f3 Qe7 11.e4 e5 12.Bd3 Nf8 13.Bf2 Ne6 14.g3 O-O 15.Nf1 exd4
16.cxd4 Nd7 17.Be2 f5 18.exf5 Rxf5 19.Ne3 Rff8 20.d5 Ng5 21.f4 Ne4 22.Bf3 Rae8
23.Qd4 Ndc5 24.O-O Nxf2 25.Kxf2 g5 26.f5 Qg7 27.Rad1 Re5 28.Kg1 Bc8 29.Nc2 Ree8  1/2-1/2

[Event "Acropolis Open"]
[Site "Athens GRE"]
[Date "2003.08.25"]
[Round "1"]
[White "Malakhatko,V"]
[Black "Balaskas,P"]
[Result "1-0"]
[WhiteElo "2498"]
[BlackElo "2140"]

1.d4 Nf6 2.Nf3 b6 3.c4 e6 4.Nc3 Bb7 5.Bg5 Bb4 6.Nd2 h6 7.Bh4 Bxc3 8.bxc3 d6
9.f3 Nbd7 10.e4 e5 11.Bd3 c5 12.Nf1 g5 13.Bf2 Nf8 14.Ne3 Bc8 15.dxe5 dxe5
16.Nd5 Ng6 17.g3 O-O 18.O-O Kg7 19.a4 Qd6 20.a5 Bh3 21.Re1 g4 22.Be3 gxf3
23.Qxf3 Ng4 24.Bd2 Ne7 25.Bf1 Nxd5 26.cxd5 h5  1-0

[Event "2nd It"]
[Site "Pays de Charleroi FRA"]
[Date "2003.08.25"]
[Round "4"]
[White "Lacour,S"]
[Black "Le Quang,K"]
[Result "1/2-1/2"]
[WhiteElo "2139"]
[BlackElo "2244"]

1.d4 Nf6 2.c4 e6 3.Nf3 b6 4.Nc3 Bb7 5.Bg5 Bb4 6.e3 h6 7.Bh4 g5 8.Bg3 Ne4
9.Qc2 d6 10.Bd3 Bxc3+ 11.bxc3 Nxg3 12.fxg3 Nd7 13.O-O Qe7 14.a4 a5 15.Be4 Bxe4
16.Qxe4 O-O 17.Nd2  1/2-1/2

[Event "It"]
[Site "Sharjah UAE"]
[Date "2003.08.28"]
[Round "3"]
[White "Kadimova,I"]
[Black "Bakre,T"]
[Result "1/2-1/2"]
[WhiteElo "2345"]
[BlackElo "2434"]

1.d4 Nf6 2.c4 e6 3.Nf3 b6 4.Nc3 Bb7 5.a3 d5 6.Bg5 Be7 7.Qa4+ c6 8.Bxf6 Bxf6
9.cxd5 exd5 10.g3 O-O 11.Rd1 a5 12.Bg2 b5 13.Qb3 Ba6 14.O-O Qe7 15.Rfe1 b4
16.Na4 Nd7 17.e4 dxe4 18.Nd2 Rab8 19.Nxe4 bxa3 20.Qc2 Qb4 21.bxa3 Qxa3 22.Nac5 Nxc5
23.Nxf6+ gxf6 24.dxc5 Qb2 25.Qf5 Bc8 26.Qh5 f5 27.Bxc6 Be6 28.Bd5 Qf6 29.Qf3 Rbc8
30.Qa3 f4 31.Qxa5 fxg3 32.hxg3 Qf5 33.Qa2 Bd7 34.Be4 Qg4 35.Qd5 Bc6 36.Qd4 Qg7
37.Qd6 Bxe4 38.Rxe4 Qg6 39.Qd5 Rxc5 40.Qxc5 Qxe4 41.Qg5+ Qg6  1/2-1/2